000 00520nam a2200217Ia 4500
008 101110s9999 xx 000 0 und d
041 _aENGLISH
082 _bSR27990
100 _aBalachandran S.
245 _aLife insurance (revised)
260 _c2005
_bInsurance Inst. Of India
300 _a215
365 _b125
520 _aCommerce
546 _aENGLISH
630 _aLife insurance (revised)
650 _aCommerce
655 _aCommerce
730 _aLife insurance (revised)
942 _cBOOK
999 _c820540
_d820537